|
|
|
|
| LEADER |
00000cam a2200000 7i4500 |
| 001 |
0000000452 |
| 005 |
20000817.0 |
| 020 |
0 |
0 |
|a 9747315904
|
| 090 |
0 |
0 |
|a 333.75095
|b COM 1995
|
| 245 |
1 |
0 |
|a COMMUNITY development and conservation of forest biodiversity through community forestry :
|b Proceedings of an international seminar held in Bangkok, Thailand, October 26-28, 1994
|c edited by Henry Wood, Melissa McDaniel, and Katherine Warner
|
| 260 |
0 |
0 |
|a Bangkok, Thailand :
|b Regional Community Forestry Training Center, Kasetsart University ,
|c 1995
|
| 300 |
|
|
|a xiii, 346 p. :
|b ill., maps ;
|c 26 cm.
|
| 440 |
0 |
0 |
|a RECOFTC report; 12
|
| 500 |
0 |
0 |
|a Includes bibliographical references
|
| 650 |
0 |
0 |
|a Community forests
|z Asia
|x Congresses
|
| 650 |
0 |
0 |
|a Forests and forestry
|z Asia
|x Congresses
|
| 650 |
0 |
0 |
|a Social forestry programs
|z Asia
|x Congresses
|
| 700 |
0 |
1 |
|a McDaniel
|h Melissa
|
| 700 |
0 |
1 |
|a Warner
|h Katherine
|
| 700 |
0 |
1 |
|a Wood
|h Henry
|
| 710 |
1 |
1 |
|a Regional Community Forestry Training Center for Asia and the Pacific (RECOFTC)
|
| 999 |
|
|
|a 0000000560
|b Monograph
|c Open Shelf
|e Default branch
|